| 000 | 00538nam a22001697a 4500 | ||
|---|---|---|---|
| 005 | 20231031073349.0 | ||
| 008 | 231031b |||||||| |||| 00| 0 eng d | ||
| 020 | _a9780409113778 | ||
| 041 | _aEnglish | ||
| 082 | _a347.1 SMI | ||
| 100 |
_aSmith, CP _lEnglish |
||
| 245 |
_aCivil Practice in Magistrates' Courts : _bThe Practitioner's Manual / _cCP Smith |
||
| 260 |
_aDurban : _bLexisNexis (Pty) Ltd, _c2014 |
||
| 300 |
_bxiii, 472 pages ; _c224,7 cm. |
||
| 650 |
_alegal practice _bLaw |
||
| 942 |
_cBK _6ALISONBN_VRIES |
||
| 999 |
_c165 _d165 |
||